000 00301nam a22001337a 4500
008 181016b xxu||||| |||| 00| 0 eng d
020 _a9780000088888
041 _aeng
080 _214 ED
_a339.138
100 _a60
101 _aMAT
245 _aBasic Marketing
_cWilliam.D.P
942 _2udc
_cBK
999 _c49945
_d49945